000 00344 a2200157 4500
001 161772
020 _a
040 _cMagnum
100 _a-
240 1 0 _aSaneamento e paisagem urbana
_lpor
245 1 0 _aSaneamento e paisagem urbana
362 0 _a1899
440 1 _aFundação João Pinheiro
697 _aESTUDOS SOCIAIS
942 _cBK
999 _c161772
_d161772